Landy w Niemczech - Quiz na mapie - Statystyki

Ogólne statystyki
  • Ten quiz został rozwiązany 37 949 razy
  • Średni wynik to 8 z 16
Odpowiedzi na mapie
Odpowiedzi zakodowano w zielono-czerwonej skali na mapie do tego quizu, zgodnie z poniższymi procentami.
 
Statystyki odpowiedzi
Odpowiedź % Poprawnych
Berlin
92%
Bawaria
75%
Brandenburgia
67%
Hamburg
66%
Brema
57%
Meklemburgia-Pomorze Przednie
54%
Saksonia
49%
Szlezwik-Holsztyn
49%
Nadrenia Północna-Westfalia
44%
Saara
43%
Badenia-Wirtembergia
34%
Nadrenia-Palatynat
33%
Dolna Saksonia
29%
Hesja
29%
Saksonia-Anhalt
27%
Turyngia
23%
Nie znaleziono quizów pasujących do podanych kryteriów
Rozkład punktacji
Procent ludzi z każdym wynikiem
Percentyl według liczby udzielonych odpowiedzi
Twoja historia wyników
Nie rozwiązałeś tego quizu